कुछ वाक्य / (Record no. 113763)

MARC details
000 -LEADER
fixed length control field 01126nam a22002777a 4500
005 - DATE AND TIME OF LATEST TRANSACTION
control field 20170124102958.0
010 ## - LIBRARY OF CONGRESS CONTROL NUMBER
LC control number A-760502
020 ## - INTERNATIONAL STANDARD BOOK NUMBER
Terms of availability 175.00
International Standard Book Number 8170554095
035 ## - SYSTEM CONTROL NUMBER
System control number A-760502
037 ## - SOURCE OF ACQUISITION
Source of stock number/acquisition Cen Lib/Ret
040 ## - CATALOGING SOURCE
Original cataloging agency DPL
Language of cataloging HN
082 ## - DEWEY DECIMAL CLASSIFICATION NUMBER
Classification number 821
Item number वाजपेयी
100 ## - MAIN ENTRY--PERSONAL NAME
Personal name वाजपेयी, उद्यन
9 (RLIN) 53748
245 ## - TITLE STATEMENT
Title कुछ वाक्य /
Statement of responsibility, etc उद्यन वाजपेयी
246 ## - VARYING FORM OF TITLE
Title proper/short title Kuch vaky
Remainder of title by Udyan Vajpeyi
260 ## - PUBLICATION, DISTRIBUTION, ETC. (IMPRINT)
Place of publication, distribution, etc नई दिल्ली
Name of publisher, distributor, etc वाणी प्रकाशन
Date of publication, distribution, etc 1995
270 ## - ADDRESS
Address 21ए -दरिया गंज
City नई ल्ली
Postal code 110002
300 ## - PHYSICAL DESCRIPTION
Extent 149पृष्ठ. :
Dimensions 20सेमी(सजिल्द)
Other physical details चित्र.
500 ## - GENERAL NOTE
General note सन्दर्भ ग्रन्थ सूची शामिल
650 ## - SUBJECT ADDED ENTRY--TOPICAL TERM
Topical term or geographic name as entry element हिंदी साहित्य
9 (RLIN) 53749
650 ## - SUBJECT ADDED ENTRY--TOPICAL TERM
Topical term or geographic name as entry element हिंदी काव्य-आकल्पन
9 (RLIN) 53750
650 ## - SUBJECT ADDED ENTRY--TOPICAL TERM
Topical term or geographic name as entry element Hindi Literature
9 (RLIN) 53751
650 ## - SUBJECT ADDED ENTRY--TOPICAL TERM
Topical term or geographic name as entry element Hindi poetry-Akalpan
9 (RLIN) 53752
700 ## - ADDED ENTRY--PERSONAL NAME
9 (RLIN) 53319
942 ## - ADDED ENTRY ELEMENTS (KOHA)
Source of classification or shelving scheme Dewey Decimal Classification
Koha item type Hindi Books
Classification part 821
Call number suffix वाजपेयी
Holdings
Withdrawn status Lost status Damaged status Not for loan Home library Current library Date acquired Source of acquisition Cost, normal purchase price Total Checkouts Full call number Barcode Date last seen Date checked out Copy number Cost, replacement price Price effective from Koha item type
        Central Library Central Library 13/08/2015 Cen Lib/Ret 175.00 2 821 वाजपेयी A-760502 01/10/2022 10/09/2022 1 175.00 13/08/2015 Hindi Books

© Delhi Public Library
Hit Counter
free hit counter